Steel structures : (Record no. 546808)

000 -LEADER
fixed length control field 00827cam a2200229 a 4500
020 ## - INTERNATIONAL STANDARD BOOK NUMBER
International Standard Book Number 0471584584 (cloth : acidfree paper)
082 00 - DEWEY DECIMAL CLASSIFICATION NUMBER
Classification number 624.1821
Author Mark ENG
-- L-N/01, P-41
100 1# - MAIN ENTRY--PERSONAL NAME
Personal name Englekirk, Robert E.,
9 (RLIN) 42999
245 10 - TITLE STATEMENT
Title Steel structures :
Remainder of title controlling behavior through design /
Statement of responsibility, etc. Robert Englekirk.
260 ## - PUBLICATION, DISTRIBUTION, ETC.
Place of publication, distribution, etc. New York :
Name of publisher, distributor, etc. Wiley,
Date of publication, distribution, etc. c1994.
300 ## - PHYSICAL DESCRIPTION
Extent xxii, 807 p. :
Other physical details ill. ;
Dimensions 26 cm.
526 ## - STUDY PROGRAM INFORMATION NOTE
Program name 0
Interest level 0
Reading level 0
Title point value 624_182100000000000_ENG
526 ## - STUDY PROGRAM INFORMATION NOTE
Program name 0
Interest level 0
Reading level 0
Title point value 624_182100000000000_ENG
650 #0 - SUBJECT ADDED ENTRY--TOPICAL TERM
Topical term or geographic name entry element Building, Iron and steel.
650 #0 - SUBJECT ADDED ENTRY--TOPICAL TERM
Topical term or geographic name entry element Load factor design.
9 (RLIN) 22312
650 #0 - SUBJECT ADDED ENTRY--TOPICAL TERM
Topical term or geographic name entry element MCE
9 (RLIN) 379
650 #0 - SUBJECT ADDED ENTRY--TOPICAL TERM
Topical term or geographic name entry element Steel, Structural.
650 #0 - SUBJECT ADDED ENTRY--TOPICAL TERM
Topical term or geographic name entry element Structural design.
856 4# - ELECTRONIC LOCATION AND ACCESS
Uniform Resource Identifier <a href="http://www.loc.gov/catdir/toc/onix03/93043329.html">http://www.loc.gov/catdir/toc/onix03/93043329.html</a>
856 42 - ELECTRONIC LOCATION AND ACCESS
Uniform Resource Identifier <a href="http://www.loc.gov/catdir/description/wiley032/93043329.html">http://www.loc.gov/catdir/description/wiley032/93043329.html</a>
942 ## - ADDED ENTRY ELEMENTS (KOHA)
Source of classification or shelving scheme
Koha item type Book
Holdings
Withdrawn status Lost status Source of classification or shelving scheme Damaged status Not for loan Permanent Location Current Location Date acquired Total Checkouts Full call number Barcode Date last seen Price effective from Koha item type
          Military College of Engineering (MCE) Military College of Engineering (MCE) 06/19/2014   624.1821 ENG MCE-44390 06/19/2014 06/19/2014 Book
          Military College of Engineering (MCE) Military College of Engineering (MCE) 06/19/2014   624.1821 ENG MCE-28521 06/19/2014 06/19/2014 Book
© 2023 Central Library, National University of Sciences and Technology. All Rights Reserved.